000 00640nam a2200217 a 4500
005 20240831063806.0
008 160428s2010 es r 000 0 spa d
020 _a9788492683185
035 _aUPN01000209890
049 _aI
050 4 _aPQ6722 E6.7
_bA2.3
100 1 _aVentura, Antonio,
_d1954-
_931811
245 1 0 _aABCdario /
_cAntonio Ventura ; il. Noemí Villamueza.
260 _aMadrid :
_bNórdica Libros,
_c2010.
300 _a[60] p. :
_bil . col.
650 4 _aCuentos infantiles españoles
_97725
650 4 _aALFABETO -
_vLITERATURA INFANTIL
_911217
905 _aInfantil
999 _c181991
_d181991